[Event "G H D Gossip the worst ever great master Memorial"]
[Site "SchemingMind.com"]
[Date "2013.05.14"]
[Round "-"]
[White "kenneth m day"]
[Black "The Stonewall"]
[Result "0-1"]
[WhiteCountry "USA"]
[BlackCountry "ENG"]
[WhiteElo "1791"]
[WhiteRD "48"]
[BlackElo "2333"]
[BlackRD "92"]
[GameID "331690"]

1. e4 Nc6 2. d4 d5 3. e5 f6 4. f4 Nh6 5. Nf3 Bf5 6. Bb5 Qd7 7. Nc3 e6 8. exf6 gxf6 9. Nh4 O-O-O 10. Be3 Rg8
11. Qe2 Bg4 12. Nf3 Nf5 13. O-O-O Bb4 14. Bd2 Nfxd4 15. Qe3 Bxc3 16. Bxc3 Nxb5 17. Bxf6 Rdf8 18. Bh4 Bxf3 19. Qxf3 Ncd4 20. Qf2 Rxf4
21. Qe1 Rxg2
0-1

[Event "G H D Gossip the worst ever great master Memorial"]
[Site "SchemingMind.com"]
[Date "2013.05.11"]
[Round "-"]
[White "edk523"]
[Black "The Stonewall"]
[Result "0-1"]
[WhiteCountry "USA"]
[BlackCountry "ENG"]
[WhiteElo "1623"]
[WhiteRD "104"]
[BlackElo "2342"]
[BlackRD "95"]
[GameID "331691"]

1. e4 c5 2. Nf3 a6 3. d4 cxd4 4. Nxd4 Nf6 5. Nc3 e5 6. Nb3 Bb4 7. Bd2 O-O 8. Bd3 Nc6 9. a3 Bxc3 10. Bxc3 d5
11. exd5 Nxd5 12. O-O Nxc3 13. bxc3 Be6 14. Nc5 Qe7 15. Nxe6 Qxe6 16. Re1 Rfd8 17. Qe2 Rac8 18. Rab1 Rc7 19. Rb6 g6 20. f4 Nd4
21. Rxe6 Nxe2+ 22. Rxe2 fxe6 23. Rxe5 Rxc3 24. Rxe6 Rxa3 25. Re7 Ra1+ 26. Kf2 Rb1 27. f5 gxf5 28. Bxf5 Rf8 29. g4 h5 30. h3 hxg4
31. hxg4 Rf7 32. Re8+ Kg7 33. Ke3 Re1+
0-1

[Event "G H D Gossip the worst ever great master Memorial"]
[Site "SchemingMind.com"]
[Date "2013.05.16"]
[Round "-"]
[White "ray winteringham"]
[Black "NimbleKnight"]
[Result "0-1"]
[WhiteCountry "ENG"]
[BlackCountry "USA"]
[WhiteElo "1526"]
[WhiteRD "49"]
[BlackElo "1892"]
[BlackRD "70"]
[GameID "331756"]

1. d4 Nf6 2. Nf3 d5 3. Bf4 c5 4. c3 Qb6 5. Qc2 g6 6. b3 Bg7 7. e3 O-O 8. Be2 Nc6 9. h3 Bd7 10. O-O cxd4
11. Nxd4 Rac8 12. Qd3 a6 13. Nd2 Rfe8 14. Bg3 e5 15. Nxc6 bxc6 16. Qxa6 Qxa6 17. Bxa6 Ra8 18. Be2 Nh5 19. Bh2 f5 20. Bxh5 gxh5
21. Rab1 Rxa2 22. Nf3 e4 23. Nh4 Bxc3 24. g3 Rea8 25. f3 Ra1 26. Ng2 exf3 27. Nf4 h4 28. Rbc1 Rxc1 29. Rxc1 Bd2 30. Rd1 Bxe3+
31. Kf1 Ra2 32. Bg1 d4 33. Nh5 Bc8 34. gxh4 Ba6+
0-1

[Event "G H D Gossip the worst ever great master Memorial"]
[Site "SchemingMind.com"]
[Date "2013.05.12"]
[Round "-"]
[White "ray winteringham"]
[Black "Derek Price"]
[Result "0-1"]
[WhiteCountry "ENG"]
[BlackCountry "ENG"]
[WhiteElo "1583"]
[WhiteRD "47"]
[BlackElo "2259"]
[BlackRD "78"]
[GameID "331757"]

1. d4 d5 2. c4 c6 3. Nf3 Nf6 4. Nc3 e6 5. Bg5 h6 6. Bh4 dxc4 7. e4 g5 8. Bg3 b5 9. e5 Nd5 10. Be2 Qa5
11. O-O Nxc3 12. bxc3 Qxc3 13. Rc1 Qa5 14. Ra1 Qa3 15. h4 Be7 16. Nd2 gxh4 17. Bf4 Nd7 18. Bh2 Rg8 19. f4 h3 20. g3 Rxg3+
21. Kf2 Rg2+
0-1

[Event "G H D Gossip the worst ever great master Memorial"]
[Site "SchemingMind.com"]
[Date "2013.05.12"]
[Round "-"]
[White "ray winteringham"]
[Black "Archon"]
[Result "0-1"]
[WhiteCountry "ENG"]
[BlackCountry "CAN"]
[WhiteElo "1583"]
[WhiteRD "47"]
[BlackElo "1675"]
[BlackRD "53"]
[GameID "331758"]

1. d4 d5 2. c4 dxc4 3. e4 e5 4. d5 Nf6 5. f3 Nxe4 6. Qa4+ Bd7 7. Qxc4 Nd6 8. Qc3 Be7 9. Bd3 O-O 10. Qxe5 Re8
11. Qc3 Bh4+ 12. Kd1 Re1+ 13. Kc2 Qe7 14. Bd2 Re5 15. Qxc7 Na6 16. Qa5 Rc8+ 17. Nc3 Nc5 18. Rc1 Nxd3 19. Kxd3 Bf5+ 20. Ne4 Rxe4
21. fxe4 Qxe4#
0-1

[Event "G H D Gossip the worst ever great master Memorial"]
[Site "SchemingMind.com"]
[Date "2013.05.15"]
[Round "-"]
[White "ray winteringham"]
[Black "The Stonewall"]
[Result "0-1"]
[WhiteCountry "ENG"]
[BlackCountry "ENG"]
[WhiteElo "1583"]
[WhiteRD "47"]
[BlackElo "2324"]
[BlackRD "90"]
[GameID "331759"]

1. d4 d5 2. f3 Nf6 3. Bg5 Bf5 4. Nd2 Nbd7 5. e3 h6 6. Bh4 c6 7. Bd3 Bxd3 8. cxd3 e5 9. dxe5 Nxe5 10. Qc2 Be7
11. Ne2 Nfg4 12. Bxe7 Nxe3 13. Qc5 Nxd3#
0-1

[Event "G H D Gossip the worst ever great master Memorial"]
[Site "SchemingMind.com"]
[Date "2013.05.12"]
[Round "-"]
[White "ray winteringham"]
[Black "emvarela"]
[Result "0-1"]
[WhiteCountry "ENG"]
[BlackCountry "ARG"]
[WhiteElo "1526"]
[WhiteRD "49"]
[BlackElo "1761"]
[BlackRD "48"]
[GameID "331760"]

1. d4 Nf6 2. e3 d5 3. Nf3 e6 4. Bb5+ c6 5. Ba4 Qa5+ 6. Nc3 Bb4 7. Bb3 Bxc3+ 8. bxc3 Ne4 9. O-O Qxc3 10. Bd2 Nxd2
11. Qxd2 Qxd2 12. Nxd2 b5 13. a4 b4 14. Nf3 Nd7 15. Rac1 a5 16. h3 c5 17. dxc5 Nxc5 18. Ne5 Bd7 19. Nd3 Nxa4 20. Ra1 Nc3
21. Nc5 Bb5 22. Rfe1 O-O 23. e4 dxe4 24. Nxe4 Nxe4 25. Rxe4 Rfd8 26. Re5 Bc6 27. Rexa5 Rxa5 28. Rxa5 Rd1+ 29. Kh2 g6 30. Ra6 Bd5
31. Rb6 Bxb3 32. cxb3 Rd4 33. Kg3 Rd3+ 34. Kf4 Rxb3 35. Ke5 Kg7 36. f4 h5 37. h4 Rg3 38. Rxb4 Rxg2
0-1

[Event "G H D Gossip the worst ever great master Memorial"]
[Site "SchemingMind.com"]
[Date "2013.05.11"]
[Round "-"]
[White "ray winteringham"]
[Black "Scooter"]
[Result "0-1"]
[WhiteCountry "ENG"]
[BlackCountry "USA"]
[WhiteElo "1583"]
[WhiteRD "47"]
[BlackElo "1748"]
[BlackRD "50"]
[GameID "331761"]

1. d4 Nf6 2. e3 g6 3. Nf3 Bg7 4. Bd3 O-O 5. b3 b6 6. Bb2 Bb7 7. Nbd2 e6 8. Rb1 d5 9. c4 c5 10. Ba3 Nbd7
11. O-O Re8 12. h3 Bf8 13. Bb2 cxd4 14. Bxd4 Nc5 15. Qc2 Nxd3 16. Qxd3 dxc4 17. Qxc4 Nd5 18. Ne4 Bg7 19. Nfg5 Rc8 20. Qd3 Nb4
21. Qe2 Ba6 22. Qd2 Bxf1 23. Kxf1 Bxd4 24. Qxb4 Bg7 25. Nf3 Qd3+ 26. Kg1 Qxb1+ 27. Kh2 a5 28. Qxb6 Qxe4
0-1

[Event "G H D Gossip the worst ever great master Memorial"]
[Site "SchemingMind.com"]
[Date "2013.05.11"]
[Round "-"]
[White "ray winteringham"]
[Black "kenneth m day"]
[Result "1-0"]
[WhiteCountry "ENG"]
[BlackCountry "USA"]
[WhiteElo "1539"]
[WhiteRD "50"]
[BlackElo "1791"]
[BlackRD "48"]
[GameID "331762"]

1. d4 Nf6 2. e3 d5 3. Bb5+ Bd7 4. Nc3 c6 5. Ba4 g6 6. Nf3 Bg7 7. O-O O-O 8. a3 Bg4 9. h3 Bxf3 10. Qxf3 Nbd7
11. b4 e5 12. Bb2 exd4 13. exd4 Re8 14. Bb3 Qc7 15. Ne2 Ne4 16. Rad1 Ndf6 17. g3 Re7 18. Rfe1 Rae8 19. Kh2 Ng5 20. Qd3 Nfe4
21. Rf1 Qd7 22. Ng1 Qf5 23. g4 Qf4+ 24. Kg2 h5 25. Bc1 Qf6 26. c3 hxg4 27. hxg4 Bh6 28. Rde1 Kg7 29. Bd1 Rh8 30. f3 Nd6
31. f4 Nge4 32. g5 Nxg5 33. fxg5
1-0

[Event "G H D Gossip the worst ever great master Memorial"]
[Site "SchemingMind.com"]
[Date "2013.05.13"]
[Round "-"]
[White "ray winteringham"]
[Black "edk523"]
[Result "0-1"]
[WhiteCountry "ENG"]
[BlackCountry "USA"]
[WhiteElo "1526"]
[WhiteRD "49"]
[BlackElo "1623"]
[BlackRD "104"]
[GameID "331763"]

1. d4 d5 2. c4 c6 3. Nf3 dxc4 4. e4 b5 5. Be2 g6 6. O-O Bg7 7. Be3 Nf6 8. e5 Nd5 9. Nc3 Nxe3 10. fxe3 O-O
11. Nd2 Nd7 12. Nf3 Qc7 13. h3 Rd8 14. Ng5 h6 15. Nxf7 Rf8 16. e6 Nf6 17. e4 Bxe6 18. Ne5 Rfd8 19. Bg4 Bxg4 20. Nxg4 Rxd4
21. Nxf6+ Bxf6 22. Qg4 Kg7 23. Rf3 Rd3 24. Raf1 Rad8 25. R3f2 Rd2 26. a4 b4 27. Nb1 Rxf2 28. Rxf2 Rd1+ 29. Qxd1 Bh4 30. Rf3 Qe5
31. Qf1 Bf6 32. Qe2 Qxb2 33. Qxb2 Bxb2 34. Rf2 Bd4 35. Nd2 Bxf2+ 36. Kxf2 c3 37. Nb3 Kf6 38. Ke3 g5 39. Kd4 Ke6 40. Kc4 Ke5
41. Kxb4 Kxe4 42. Kxc3 Ke3 43. Nd4 c5 44. Nf5+ Kf2 45. g3 h5 46. Kc4 e6 47. Ng7 e5 48. Nf5 e4 49. g4 h4 50. Kxc5= Kg2
51. Kd4 Kxh3 52. Ne3 Kg3 53. Kxe4 h3 54. Kf5 Kf2 55. Nd1+ Kg1
0-1

[Event "G H D Gossip the worst ever great master Memorial"]
[Site "SchemingMind.com"]
[Date "2013.05.16"]
[Round "-"]
[White "NimbleKnight"]
[Black "ray winteringham"]
[Result "1-0"]
[WhiteCountry "USA"]
[BlackCountry "ENG"]
[WhiteElo "1892"]
[WhiteRD "70"]
[BlackElo "1526"]
[BlackRD "49"]
[GameID "331764"]

1. e4 c5 2. Nf3 Nc6 3. d4 b6 4. d5 Na5 5. e5 e6 6. Nc3 exd5 7. Nxd5 Bb7 8. c4 f6 9. Bf4 Nc6 10. exf6 Nxf6
11. Nc7+ Kf7 12. Nxa8 Bxa8 13. Be2 Be7 14. O-O Rf8 15. Ne5+ Kg8 16. Nxc6 Bxc6 17. Bd6 Ne4 18. Bxe7 Qxe7 19. Bd3 Ng5 20. Qd2 h5
21. Rae1 Qd8 22. Re5 Ne6 23. Rxh5 Qe7 24. Re5 Rf6 25. Bf5 Qf7 26. Bxe6 dxe6 27. Qe2 Qb7 28. f4 Rg6 29. g3 Kf7 30. f5 exf5
31. Rexf5+ Kg8 32. Qf2 Kh7 33. Rf7 Qa6 34. b3 b5 35. Qxc5 Qxa2 36. Qh5+ Rh6 37. Rxg7+ Kxg7 38. Qf7+ Kh8 39. Qf8+
1-0

[Event "G H D Gossip the worst ever great master Memorial"]
[Site "SchemingMind.com"]
[Date "2013.05.12"]
[Round "-"]
[White "Derek Price"]
[Black "ray winteringham"]
[Result "1-0"]
[WhiteCountry "ENG"]
[BlackCountry "ENG"]
[WhiteElo "2259"]
[WhiteRD "78"]
[BlackElo "1583"]
[BlackRD "47"]
[GameID "331765"]

1. d4 d5 2. c4 e6 3. Nc3 h6 4. Nf3 c6 5. e3 Be7 6. Be2 Nf6 7. O-O O-O 8. b3 Bd7 9. Bb2 a6 10. Qc2 b5
11. Ne5 Bd6 12. c5 Bxe5 13. dxe5 Nh7 14. Bd3 g6 15. a4 b4 16. Ne2 a5 17. Rac1 Bc8 18. Nd4 Bb7 19. Bxg6 Qg5 20. Bxh7+
1-0

[Event "G H D Gossip the worst ever great master Memorial"]
[Site "SchemingMind.com"]
[Date "2013.05.12"]
[Round "-"]
[White "Archon"]
[Black "ray winteringham"]
[Result "1-0"]
[WhiteCountry "CAN"]
[BlackCountry "ENG"]
[WhiteElo "1675"]
[WhiteRD "53"]
[BlackElo "1583"]
[BlackRD "47"]
[GameID "331766"]

1. d4 e6 2. Nf3 g6 3. Nbd2 Bg7 4. c3 Nf6 5. e4 O-O 6. Bd3 b6 7. O-O Bb7 8. Re1 d6 9. e5 dxe5 10. Nxe5 Qd5
11. Ndf3 Nbd7 12. Nxd7 Qxd7 13. Bg5 Rac8 14. Bxf6 Bxf6 15. Ne5 Qd5 16. Be4 Qd6 17. Bxb7 Bxe5 18. dxe5 Qxd1 19. Raxd1 Rb8 20. Bf3 c5
21. g3 Rfd8 22. Kg2
1-0

[Event "G H D Gossip the worst ever great master Memorial"]
[Site "SchemingMind.com"]
[Date "2013.05.15"]
[Round "-"]
[White "The Stonewall"]
[Black "ray winteringham"]
[Result "1-0"]
[WhiteCountry "ENG"]
[BlackCountry "ENG"]
[WhiteElo "2324"]
[WhiteRD "90"]
[BlackElo "1583"]
[BlackRD "47"]
[GameID "331767"]

1. c4 b5 2. cxb5 c6 3. bxc6 Nxc6 4. Nf3 e5 5. d3 d5 6. g3 Bd6 7. Bg2 Be6 8. O-O Nge7 9. Nc3 O-O 10. Ng5 h6
11. Nxe6 fxe6 12. e4 d4 13. Nb5 Bc5 14. Bh3 Qd7 15. Qc2 Bb6 16. Na3 Nb4 17. Qb3 Rf6 18. Qxb4 Nc6 19. Qa4 Qe8 20. Bd2 g5=
21. Nc4 Qd7 22. Nxb6 Qb7 23. Nxa8 Qxa8 24. Rac1 Ne7 25. Rc7 Ng6 26. Qd7
1-0

[Event "G H D Gossip the worst ever great master Memorial"]
[Site "SchemingMind.com"]
[Date "2013.05.12"]
[Round "-"]
[White "emvarela"]
[Black "ray winteringham"]
[Result "1-0"]
[WhiteCountry "ARG"]
[BlackCountry "ENG"]
[WhiteElo "1765"]
[WhiteRD "48"]
[BlackElo "1539"]
[BlackRD "50"]
[GameID "331768"]

1. e4 e5 2. Nf3 d6 3. d4 exd4 4. c3 dxc3 5. Bc4 cxb2 6. Bxb2 Be6 7. Bxe6 fxe6 8. Qb3 Qc8 9. Ng5 Ke7 10. O-O Nc6
11. e5 d5 12. Ba3+ Ke8 13. Bxf8 Kxf8 14. Qf3+
1-0

[Event "G H D Gossip the worst ever great master Memorial"]
[Site "SchemingMind.com"]
[Date "2013.05.12"]
[Round "-"]
[White "Scooter"]
[Black "ray winteringham"]
[Result "1-0"]
[WhiteCountry "USA"]
[BlackCountry "ENG"]
[WhiteElo "1748"]
[WhiteRD "50"]
[BlackElo "1583"]
[BlackRD "47"]
[GameID "331769"]

1. d4 e6 2. Nf3 d5 3. Bf4 Bd6 4. Bxd6 cxd6 5. c3 Nf6 6. e3 O-O 7. Nbd2 Nc6 8. Be2 a6 9. O-O b5 10. b3 e5
11. dxe5 Nxe5 12. h3 Bb7 13. a4 bxa4 14. Rxa4 h6 15. Qa1 Ne4 16. Nxe4 dxe4 17. Nxe5 dxe5 18. Bxa6 Bxa6 19. Rxa6 Rxa6 20. Qxa6 Qd3
21. Qc6 Rb8 22. b4 Qc2 23. Qc7 Rb5 24. Qc6 Rb8 25. b5 Qb3 26. c4 Qa4 27. Rb1 Qc2 28. Ra1 Rd8 29. b6 Qc3 30. Rf1 Qa5
31. b7 Qb4 32. Qc8 Qb6 33. c5
1-0

[Event "G H D Gossip the worst ever great master Memorial"]
[Site "SchemingMind.com"]
[Date "2013.05.12"]
[Round "-"]
[White "kenneth m day"]
[Black "ray winteringham"]
[Result "1-0"]
[WhiteCountry "USA"]
[BlackCountry "ENG"]
[WhiteElo "1720"]
[WhiteRD "53"]
[BlackElo "1583"]
[BlackRD "47"]
[GameID "331770"]

1. e4 e5 2. Nf3 d6 3. d4 exd4 4. Nxd4 Be6 5. Nxe6 fxe6 6. Bb5+ c6 7. Bc4 Nf6 8. Nc3 d5 9. exd5 cxd5 10. Bb5+ Nc6
11. Qe2 Qd6 12. O-O Be7 13. Re1 O-O 14. Qxe6+ Qxe6 15. Rxe6 Nd4 16. Rxe7 Nxc2 17. Rb1 Nd4 18. Be3 Nf5 19. Rxb7 d4 20. Bxd4 Nxd4
21. Bc4+ Kh8 22. Rd1 Rfd8 23. h3 Rac8 24. Ba6 Re8 25. Rxd4 h6 26. Rdb4 Red8 27. Rxa7 Nd7 28. Bxc8 Rxc8 29. Rxd7
1-0

[Event "G H D Gossip the worst ever great master Memorial"]
[Site "SchemingMind.com"]
[Date "2013.05.13"]
[Round "-"]
[White "edk523"]
[Black "ray winteringham"]
[Result "1-0"]
[WhiteCountry "USA"]
[BlackCountry "ENG"]
[WhiteElo "1605"]
[WhiteRD "128"]
[BlackElo "1539"]
[BlackRD "50"]
[GameID "331771"]

1. e4 e5 2. Nf3 d6 3. d4 exd4 4. Nxd4 c5 5. Bb5+ Bd7 6. Bxd7+ Nxd7 7. Nf3 Ngf6 8. Nc3 Be7 9. O-O O-O 10. Re1 Re8
11. Bg5 h6 12. Bxf6 Bxf6 13. Qxd6 Re6 14. Qd2 Qe7 15. Nd5 Qd8 16. c3 Qc8 17. Rad1 Ne5 18. Nxf6+ Rxf6 19. Nxe5 Qe6 20. Nd7 Rg6
21. Nxc5 Qg4 22. f3 Qc8 23. Qd5 b6 24. Nd3 Kh7 25. Ne5 Rg5 26. f4 Rh5 27. Qxf7 Rxe5 28. fxe5 Qc5+ 29. Kh1 Qxe5 30. Qf5+ Qxf5
31. exf5
1-0